Κατάλογος Βιβλιοθηκών Mediterranean College

Εισαγωγή στη δραματοθεραπεία : (Record no. 9809)

MARC details
000 -LEADER
fixed length control field 03322nam a22002657a 4500
003 - ΤΑΥΤΟΤΗΤΑ ΤΟΥ ΑΡΙΘΜΟΥ ΕΛΕΓΧΟΥ
Πεδίο ελέγχου GR-AtMCL
005 - ΗΜΕΡΟΜΗΝΙΑ ΚΑΙ ΩΡΑ ΤΕΛΕΥΤΑΙΑΣ ΕΝΗΜΕΡΩΣΗΣ
Πεδίο ελέγχου 20250716124618.0
006 - FIXED-LENGTH DATA ELEMENTS--ADDITIONAL MATERIAL CHARACTERISTICS
Πεδίο ελέγχου σταθερού μήκους a||||fr|||| 00| 0
008 - FIXED-LENGTH DATA ELEMENTS--GENERAL INFORMATION
Πεδίο ελέγχου σταθερού μήκους 070329s2005||||gr |||g b||| 000 gre #
020 ## - ISBN
ISBN 960423109X
040 ## - ΠΗΓΗ ΚΑΤΑΛΟΓΟΓΡΑΦΗΣΗΣ
Φορέας πρωτότυπης καταλογογράφησης
Γλώσσα καταλογογράφησης Ελληνικά, Μοντέρνα (1453-)
Φορέας μεταγραφής GRAtEVE
Modifying agency MC Athens Campus Library
Κανόνες περιγραφικής καταλογογράφησης AACR2
041 1# - ΓΛΩΣΣΑ
Κωδικός γλώσσας πρωτότυπου Αγγλικά
100 ## - MAIN ENTRY--PERSONAL NAME
Personal name Jennings, Sue
245 10 - ΤΙΤΛΟΣ ΚΑΙ ΔΗΛΩΣΗ ΥΠΕΥΘΥΝΟΤΗΤΑΣ
Τίτλος Εισαγωγή στη δραματοθεραπεία :
Remainder of title Θεραπευτικό θέατρο : Ο μίτος της Αριάδνης /
Statement of responsibility, etc. Sue Jennings ; μετάφραση Φωτεινή Μεγαλούδη
260 ## - PUBLICATION, DISTRIBUTION, ETC.
Place of publication, distribution, etc. Αθήνα :
Name of publisher, distributor, etc. Σαββάλας,
Date of publication, distribution, etc. 2005
300 ## - PHYSICAL DESCRIPTION
Extent 239σ. ;
Διαστάσεις 24εκ.
500 ## - GENERAL NOTE
Γενική σημείωση Τίτλος πρωτοτύπου: Introduction to dramatherapy
504 ## - ΣΗΜΕΙΩΣΗ ΒΙΒΛΙΟΓΡΑΦΙΑΣ κλπ.
Σημείωση βιβλιογραφίας, κλπ. Βιβλιογραφία: [235]-239
520 ## - SUMMARY, ETC.
Summary, etc. Στο βιβλίο αυτό η Sue Jennings προσεγγίζει τη δραματοθεραπεία μέσα από την οπτική του «θεραπευτικού θεάτρου». Αποδεικνύει πως η δραματοθεραπεία αποτελεί μέρος της συνολικής πολιτιστικής μας εμπειρίας για τη θεατρική τέχνη καθώς και ότι μπορεί να χρησιμοποιηθεί ως μέσο για την ανακάλυψη βιώσιμων τρόπων ώστε να αντιμετωπίσει κανείς δύσκολες καταστάσεις της ζωής του ή αλλιώς το «θηρίο στην καρδιά του λαβύρινθου». Αμφισβητώντας τις απόψεις της ψυχολογίας και της ψυχοθεραπείας που έχουν ενσωματωθεί στη θεωρία της δραματοθεραπείας, η συγγραφέας υποστηρίζει ότι η δραματική ανάπτυξη του ατόμου αποτελεί αναπτυξιακή διεργασία, η οποία επηρεάζει το άτομο από τη στιγμή της σύλληψής του στη μήτρα της μητέρας του, ενώ στη συνέχεια διαμορφώνεται από το ευρύτερο πολιτισμικό πλαίσιο. Θεωρεί ότι με τη συμμετοχή στο δράμα και στο θέατρο και με την εξερεύνηση του «δραματικού» παρελθόντος μας ανοίγεται ένα νέο μονοπάτι προς την αυτογνωσία και την αυτοπραγμάτωση. Διανθισμένο με πολλά παραδείγματα, το βιβλίο περιλαμβάνει επίσης ασκήσεις και ερωτηματολόγια, τα οποία μπορούν να εφαρμοστούν στην πράξη, είτε για εκπαιδευτικούς σκοπούς είτε για προσωπική επεξεργασία, ρίχνοντας φως στη σχέση ανάμεσα στο θέατρο και τη θεραπεία καθώς και στη θεωρία της δραματοθεραπείας.
650 07 - SUBJECT ADDED ENTRY--TOPICAL TERM
Topical term or geographic name entry element Θέατρο
General subdivision Θεραπευτική χρήση
650 00 - SUBJECT ADDED ENTRY--TOPICAL TERM
Topical term or geographic name entry element Δραματοθεραπεία
9 (RLIN) 9848
700 1# - ΠΡΟΣΘΕΤΗ ΑΝΑΓΡΑΦΗ--ΦΥΣΙΚΟ ΠΡΟΣΩΠΟ
Personal name Μεγαλούδη, Φωτεινή
Σχέση Μεταφραστής
942 ## - ADDED ENTRY ELEMENTS (KOHA)
Koha item type Books
Holdings
Τύπος τεκμηρίου Βιβλιοθήκη Τρέχουσα τοποθεσία Αριθμός εισαγωγής Ημερομηνία απόκτησης Ταξιθετικό σύμβολο Αριθμός αντιτύπου Κατάσταση απόσυρσης Κατάσταση χαμένου Κατάσταση κατεστραμμένου Μη δανεισμός Σύνολο δανεισμών Ημερομηνία τελευταίας εμφάνισης Η τιμή ισχύει από
Books MC Athens Campus Library MC Athens Campus Library 8104 16/07/2025 616.891523 JEN 1           16/07/2025 16/07/2025

MC Athens Campus Library
Πατησίων 94 & Κοδριγκτώνος 13, 104 34
Πελλήνης 8 & Πατησίων 107, 112 51
Τ: +30 210 8899600

MC Thessaloniki Campus Library
Ίωνος Δραγούμη 21, 54625 | Ίωνος Δραγούμη 15, 54625
Τ: +30 2310 287779 – Τ: +30 2314 440300